000 00629nam a2200277Ia 4500
005 20260324143940.0
008 008 260324s9999 xx 000 0 eng d
020 _a9780203403617
037 _aEBOOK
040 _aCRL
040 _beng
040 _cCRL
041 _2eng
041 _aeng
084 _qCRL
100 _aN.E. Collinge
_91217516
245 3 _aAn Encyclopedia of Language
260 _bTaylor and Francis
260 _c1990
365 _a
365 _b690
856 _uhttp://www.taylorfrancis.com/books/9780203403617
942 _cEBOOK
999 _c1823542
_d1823542